| 000 | 00000nam##2200000za#4500 |
| 001 | 9.572703 |
| 003 | CaOODSP |
| 005 | 20210624183339 |
| 007 | cr ||||||||||| |
| 008 | 150406|2006||||xxc|||||o f|0| 0 eng|d |
| 022 | |a1701-1280 |
| 040 | |aCaOODSP|beng |
| 043 | |an-cn--- |
| 086 | 1 |aFs70-4/2006-002E-PDF |
| 110 | 1 |aCanada. |bDepartment of Fisheries and Oceans. |
| 245 | 10|aDFO/FSRS workshop on inshore ecosystems and significant areas of the Scotian Shelf : |h[electronic resource]|bJanuary 16-19, 2006, Bedford Institute of Oceanography / |c[by] Cornelia den Heyer ... [et al.]. |
| 246 | 3 |aAtelier du MPO/FSRS sur les écosystèmes côtiers et les zones importantes du plateau néo-écossais |
| 260 | |aDartmouth - Nova Scotia : |bFisheries and Oceans Canada |cMarch 2006. |
| 300 | |a104p.|bgraphs, maps, references, tables |
| 490 | 1 |aCanadian Science Advisory Secretariat proceedings series|x1701-1280|v2006/002 |
| 546 | |aChiefly English, with bilingual foreword and summary. |
| 590 | |a11-32-Supp|b2011-12-20 |
| 720 | 1 |aden Heyer, Cornelia |
| 830 | #0|aProceedings series (Canadian Science Advisory Secretariat)|x1701-1280|v2006/002|w(CaOODSP)9.506483 |
| 856 | 40|ahttp://publications.gc.ca|qPDF|s1.07 MB|uhttps://publications.gc.ca/collections/collection_2011/mpo-dfo/Fs70-4-2006-002-eng.pdf|y2006/002 |